Basic electrical engineering (Record no. 7166)

000 -LEADER
fixed length control field 00658nam a2200217 4500
001 - CONTROL NUMBER
control field 7166
003 - CONTROL NUMBER IDENTIFIER
control field BD-DhUET
008 - FIXED-LENGTH DATA ELEMENTS--GENERAL INFORMATION
fixed length control field 740521s1975 nyua 001 0 eng
020 ## - INTERNATIONAL STANDARD BOOK NUMBER
International Standard Book Number 0070211523
040 ## - CATALOGING SOURCE
Original cataloging agency DLC
Transcribing agency DLC
Modifying agency BD-DhUET
082 00 - DEWEY DECIMAL CLASSIFICATION NUMBER
Classification number 623
Item number FIT/1975
100 1# - MAIN ENTRY--PERSONAL NAME
Personal name Fitzgerald, A. E.
245 10 - TITLE STATEMENT
Title Basic electrical engineering
Remainder of title circuits,electronics,machines,control
Statement of responsibility, etc. by A. E. Fitzgerald, David E. Higginbotham and Arvin Grabel
250 ## - EDITION STATEMENT
Edition statement 4th ed.
260 ## - PUBLICATION, DISTRIBUTION, ETC. (IMPRINT)
Place of publication, distribution, etc. New York
Name of publisher, distributor, etc. McGraw-Hill
Date of publication, distribution, etc. 1975
300 ## - PHYSICAL DESCRIPTION
Extent xiv, 817 p.
Other physical details illus.
Dimensions 24 cm.
650 #0 - SUBJECT ADDED ENTRY--TOPICAL TERM
Topical term or geographic name as entry element Electricity : Engineering
700 ## - ADDED ENTRY--PERSONAL NAME
Personal name Higginbotham, David E.
700 ## - ADDED ENTRY--PERSONAL NAME
Personal name Grabel, Arvin
942 ## - ADDED ENTRY ELEMENTS (KOHA)
Koha item type General Book
Holdings
Piece designation (barcode) Koha full call number Damaged status Copy number Price effective from Sublocation or collection (holding branch) Shelving location Date acquired Koha item type Koha date last seen Location (home branch) Koha issues (times borrowed) Not for loan Koha date last borrowed Koha normalized classification for sorting Source of classification or shelving scheme Lost status Withdrawn status
65364623/PIT/1975 12014-12-07Central Library, BUETCirculation section2014-12-07General Book2018-08-04Central Library, BUET1 2018-07-21623PIT1975   
43309623/PIT/1975 22015-03-12Central Library, BUETCirculation section2015-03-12General Book2015-03-12Central Library, BUET   623_000000000000000_PIT_1975   
43314623/PIT/1975 32015-03-12Central Library, BUETCirculation section2015-03-12General Book2015-03-12Central Library, BUET   623_000000000000000_PIT_1975   
43676623/PIT/1975 42015-03-12Central Library, BUETCirculation section2015-03-12General Book2015-03-12Central Library, BUET   623_000000000000000_PIT_1975   
42843623/PIT/1975 52015-03-12Central Library, BUETCirculation section2015-03-12General Book2015-03-12Central Library, BUET   623_000000000000000_PIT_1975   
43308623/FIT/1975 62015-04-16Central Library, BUETCirculation section2015-04-16General Book2015-04-16Central Library, BUET   623_000000000000000_FIT_1975   
43316623/FIT/1975 72015-04-18Central Library, BUETCirculation section2015-04-18General Book2015-04-18Central Library, BUET   623_000000000000000_FIT_1975   
43310623/FIT/1975 82015-04-21Central Library, BUETCirculation section2015-04-21General Book2015-04-21Central Library, BUET   623_000000000000000_FIT_1975   
43677623/FIT/1975 92015-04-21Central Library, BUETCirculation section2015-04-21General Book2015-04-21Central Library, BUET   623_000000000000000_FIT_1975   
43313623/FIT/1975 102015-04-21Central Library, BUETCirculation section2015-04-21General Book2015-04-21Central Library, BUET   623_000000000000000_FIT_1975   
43307623/FIT/1975 112015-04-21Central Library, BUETCirculation section2015-04-21General Book2015-04-21Central Library, BUET   623_000000000000000_FIT_1975   
51101623/FIT/1975 122015-04-21Central Library, BUETCirculation section2015-04-21General Book2015-04-21Central Library, BUET   623_000000000000000_FIT_1975   
42841623/FIT/1975 132015-06-28Central Library, BUETReading section2015-06-28Reading Item2015-06-28Central Library, BUET   623_000000000000000_FIT_1975   
42840623/FIT/1975 142015-06-28Central Library, BUETReading section2015-06-28Reading Item2015-06-28Central Library, BUET   623_000000000000000_FIT_1975   
43679623/FIT/1975 152015-06-28Central Library, BUETReading section2015-06-28Reading Item2015-06-28Central Library, BUET   623_000000000000000_FIT_1975